| 000 | 00420nam a22001457a 4500 | ||
|---|---|---|---|
| 020 | _a9780080982854 | ||
| 040 | _cNUST | ||
| 082 | _a808.0666 SIL | ||
| 100 |
_aSilyn-Roberts, Heather _958096 |
||
| 245 |
_aWriting for Science and Engineering: _bPapers, Presentations, and Reports |
||
| 250 | _a2nd Edition | ||
| 260 |
_aLondon: _bElsevier, _c2013. |
||
| 650 |
_aTechnical Writing.NUSTTB2022 _9102814 |
||
| 942 |
_2ddc _cBK |
||
| 999 |
_c591462 _d591462 |
||